000 00459nam a22001817a 4500
005 20260204154558.0
008 260204b |||||||| |||| 00| 0 eng d
020 _a9788199232914
_c1495.00
040 _aMAIN
041 _aEnglish
082 _a539.7
_bPOT
100 _aPotter, Tina
_926197
245 _aNuclear And Particle Physics
_b: An Introduction
260 _aNew Delhi
_bBlackwell
_c2026
300 _a2612
650 _aPhysics
942 _cBK
999 _c60235
_d60235